000 01538nam0a2200325 i 4500
001 RU\NLR\bibl\1920013
005 20260405105758.0
010 _a9785997900427
_980
021 _aRU
_b2012-42473
_93142
035 _a(NLR Aleph) 001909480
090 _a3156540
_c3156540
100 _a20120702d2011 u y0rusy50 ca
101 0 _arus
102 _aRU
105 _aa |||||||||
200 1 _aФормирование рефлексивных умений у учащихся
_eметодические рекомендации
_fЛ.В. Бондаренко, Т.Ф. Ушева
_gКГАЩУ ДПО (ПК) С "Краснояр. краевой ин-т повышения квалификации и проф. переподгот. работников образования"
210 _aКрасноярск
_cКК ИПК РО
_d2011
215 _a79 с.
_cил.
_d22
320 _aБиблиогр.: с. 78-79 (23 назв.)
606 1 _aШкольники
_jМетодические пособия
_xФормирование учебных навыков
_92612701
_3RU\NLR\AUTH\661549259
686 1 _aЧ421.35я8
700 1 _4070
_8rus
_7ca
_aБондаренко
_bЛ. В.
_cпедагог-методист
_gЛюдмила Васильевна
_3RU\NLR\auth\7741046
_923997
701 1 _aУшева
_bТ. Ф.
_gТатьяна Федоровна
_4070
801 0 _aRU
_bNLR
_c20120702
_gRCR
801 1 _aRU
_bNLR
_c20120702
830 _aавт. по кн.
942 _cBOOK
980 _aNBR